000 01536njm a22003377a 4500
005 20100918153142.0
007 sd ammalaaahaa
008 100904t xxu||||| |||| 00| 0 hin d
028 _aECLP.5970
_bHis Master's Voice
028 _a2XJW. 6300
_bHis Master's Voice
028 _a2XJW. 6301
_bHis Master's Voice
035 _aGR-03595
040 _aSED/VEN
100 _91184
_aKishore Kumar
245 _aChhota Aadmi (Part-1)
_bHindi Film /
_cby Kishore Kumar & Chorus; Music by Mahesh Naresh; Lyric by Jainendra Jain
_h[Sound Recording] :
246 _aछोटा आदमी (किशोर कुमार और चोरस)
250 _aP-1981
260 _aDum Dum, India
_bHis Master's Voice
300 _a1 sound disc [Gramophone Recording] :
_banalog, 33 1/3 rpm ;
_c12 in. [LP]
_fGramophone Records
500 _aBrief Records
500 _aRecord Labels: His Master's Voice, Red
505 _aSong Side-1; अमिताभ नहीं हूँ (छोटा आदमी) (किशोर कुमार और चोरस), Song Side-2; होले होले से आ जा (नरेश कनौडिया और आशा भोसले) (भाग-2)
600 _920259
_aKishore Kumar
610 _920322
650 _aClassical Music
_xExcerpts
_zIndia
_918309
700 _918319
_aBhosle, Asha
700 _aChorus
_920715
700 _aKanaudia, Naresh
_920708
942 _2ddc
_cGR
999 _c46811
_d46811